00277nam a2200109Ia 4500008004100000041000800041082002700049100001800076245002700094260003700121300000900158230411s9999 xx 000 0 und d aeng aMS/617.9101/NAG/B07092 aNagaraja Prem aHospital Sterilization bJaypee BrothersaBengaluruc2011 a264p